| 000 | 00384nam a2200109Ia 4500 | ||
|---|---|---|---|
| 008 | 230907s9999||||xx |||||||||||||| ||und|| | ||
| 082 |
_a650.076 _bOFF |
||
| 245 | 4 | _aThe official guide for GMAT review 2017 / | |
| 300 | _a2016, volumes : | ||
| 650 |
_aStudy guides Periodicals. Examinations, questions, etc. Periodicals. Examinations, questions, etc. Periodicals. _9115678 |
||
| 942 | _cBK | ||
| 999 |
_c599122 _d599122 |
||